Jakarta - Choix multiples - Statistiques

Statistiques générales
  • Ce quiz a été pris 2 108 fois
    2 094 depuis la dernière actualisation
  • Le résultat moyen est 6 sur 10
Statistiques - réponses
Question Réponse % Correct
De quoi l'aéroport international de Jakarta Soekarno-Hatta tire-t-il son nom ? Des proclamatateurs de l'indépendance indonésienne
79%
Quel problème environnemental majeur touche Jakarta et a poussé à cette relocalisation ? Affaissement du sol
74%
Quelle puissance européenne a colonisé Jakarta ? Pays-Bas
74%
Sur quel île Jakarta se situe-t-elle ? Java
73%
A quel culte l'Istiqlal, un bâtiment pouvant accueillir 110 000 personnes, est-il dédié ? Islam
72%
Quel ville a été désignée en 2024 pour remplacer Jakarta en tant que capitale de l'Indonésie ? Nusantara
67%
Sous quel nom Jakarta était-elle connue autrefois ? Batavia
51%
Par analogie avec New York la "Grosse Pomme", comment surnomme-t-on parfois Jakarta ? Le Grand Durian
50%
Laquelle de ces images représente le principal dispositif de contrôle des inondations de Jakarta ?
26%
Qu'est ce que le Monumen Nasional que l'on peut retrouver à Jakarta ? Un obélisque
25%
Aucun quiz correspondant
Distribution des résultats
% des personnes avec chaque résultat
Percentile par nombre de réponses
Votre historique - résultats
Vous n’avez pas pris ce quiz depuis la dernière actualisation